Определение микропримесей неорганических веществ в консервированных продуктах пищевой промышленности методом амальгамной полярографии с накоплением на стационарной ртутной капле; Химический анализ цветных и редких металлов

Bibliografische gegevens
Parent link:Химический анализ цветных и редких металлов.— 1964.— С. 44-54
Hoofdauteur: Потапов М. П.
Andere auteurs: Стромберг А. Г. Армин Генрихович
Taal:Russisch
Gepubliceerd in: 1964
Onderwerpen:
Formaat: MixedMaterials Hoofdstuk
KOHA link:https://koha.lib.tpu.ru/cgi-bin/koha/opac-detail.pl?biblionumber=190449

MARC

LEADER 00000naa2a2200000 4500
001 190449
005 20240222113718.0
035 |a (RuTPU)RU\TPU\book\207504 
035 |a RU\TPU\tpu\7133 
090 |a 190449 
100 |a 20110121d1964 k y0rusy50 ca 
101 0 |a rus 
102 |a RU 
200 1 |a Определение микропримесей неорганических веществ в консервированных продуктах пищевой промышленности методом амальгамной полярографии с накоплением на стационарной ртутной капле  |f М. П. Потапов, А. Г. Стромберг 
463 0 |0 (RuTPU)RU\TPU\book\155331  |t Химический анализ цветных и редких металлов  |o сборник статей  |f Академия наук СССР (АН СССР), Сибирское отделение (СО), Химико-металлургический институт; под ред. Ю. Б. Клетеника  |v С. 44-54  |d 1964  |p 161 с. 
610 1 |a химическая промышленность 
610 1 |a труды учёных ТПУ 
700 1 |a Потапов  |b М. П. 
701 1 |a Стромберг  |b А. Г.  |c химик, специалист в области классической полярографии и инверсионной вольтамперометрии  |c профессор Томского политехнического института  |f 1910-2004  |g Армин Генрихович  |3 (RuTPU)RU\TPU\pers\11188  |9 2478 
801 0 |a RU  |b 63413507  |c 20011210  |g PSBO 
801 2 |a RU  |b 63413507  |c 20110121  |g PSBO 
942 |c BK